| Tag |
First Indicator |
Second Indicator |
Subfields |
| LEADER |
00000cam a2200000 4500 |
| 001 |
in00000727621 |
| 005 |
20151016065557.0 |
| 008 |
800506s1938 mauf 00010 eng |
| 010 |
|
|
|a 38034580
|
| 035 |
|
|
|a (OCoLC)06286473
|
| 035 |
|
|
|9 ADE1298AM
|
| 040 |
|
|
|a DLC
|c AFU
|d TXA
|d UtOrBLW
|
| 049 |
|
|
|a TXAM
|c [116332]
|
| 050 |
|
0 |
|a N7435
|b .B8
|
| 092 |
|
|
|a 751.58
|b B972a
|
| 100 |
1 |
|
|a Burroughs, Alan,
|d 1897-1965.
|
| 245 |
1 |
0 |
|a Art criticism from a laboratory /
|c by Alan Burroughs.
|
| 264 |
|
1 |
|a Boston :
|b Little, Brown and company,
|c 1938.
|
| 300 |
|
|
|a xxiii, 277 pages :
|b frontispiece, plates. ;
|c 26 cm.
|
| 336 |
|
|
|a text
|b txt
|2 rdacontent
|
| 337 |
|
|
|a unmediated
|b n
|2 rdamedia
|
| 338 |
|
|
|a volume
|b nc
|2 rdacarrier
|
| 500 |
|
|
|a "First edition."
|
| 650 |
|
0 |
|a Art criticism.
|
| 650 |
|
0 |
|a Painting
|x Technique.
|
| 650 |
|
0 |
|a Expertising, X-ray.
|
| 650 |
|
0 |
|a Art
|x Forgeries.
|
| 999 |
|
|
|a MARS
|
| 999 |
f |
f |
|s c35ffd31-1f65-3159-baed-47b3a15f4d3a
|i 61937501-e916-3f0f-97e6-84a4f7f1b9f5
|t 0
|
| 952 |
f |
f |
|p normal
|a Texas A&M University
|b College Station
|c Sterling C. Evans Library
|d Evans: Library Stacks
|t 0
|e N7435 .B8
|h Library of Congress classification
|i unmediated -- volume
|m A14801155376
|
| 998 |
f |
f |
|a N7435 .B8
|t 0
|l Evans: Library Stacks
|